100 größte Ortschaften Tirols - Statistiken

Allgemein
  • Dieses Quiz wurde 138 mal gespielt
  • Das Durchschnittsergebnis liegt bei 27 aus 100
Antwortstatistiken
Einwohner Bezirk Ortschaft % Korrekt
131.059 I Innsbruck
100%
9.997 KU Kufstein
92%
10.882 IM Imst
87%
8.239 KB Kitzbühel
83%
13.810 SZ Schwaz
80%
7.686 LA Landeck
78%
11.647 LZ Lienz
77%
6.989 RE Reutte
76%
14.179 KU Wörgl
73%
13.605 IL Hall in Tirol
72%
15.590 IL Telfs
67%
9.663 KB St. Johann in Tirol
65%
7.175 SZ Jenbach
63%
7.984 IL Wattens
53%
2.504 LZ Matrei in Osttirol
52%
3.774 SZ Mayrhofen
49%
9.311 IL Rum
49%
8.197 IL Zirl
48%
2.134 IM Sölden
47%
2.690 KU Zell
46%
3.519 IL Seefeld in Tirol
42%
2.723 IL Steinach am Brenner
41%
6.963 IL Völs
39%
5.153 IL Axams
38%
3.197 LA Zams
38%
7.319 IL Absam
34%
4.780 IM Längenfeld
29%
2.911 IL Kematen in Tirol
28%
5.871 KU Kirchbichl
28%
3.158 IL Fulpmes
27%
2.616 KB Hopfgarten-Markt
26%
5.258 KB Kirchberg in Tirol
26%
4.817 IL Neustift im Stubaital
26%
4.549 IL Mils
25%
3.722 KU Söll
25%
3.797 IL Volders
24%
4.138 IL Götzens
23%
4.054 KU Kundl
23%
2.761 IL Aldrans
22%
1.889 IM Arzl im Pitztal
22%
3.440 SZ Vomp
22%
2.686 SZ Fügen
21%
2.453 IM Haiming
21%
3.723 IL Inzing
21%
4.112 IL Thaur
21%
1.902 IM Umhausen
21%
2.636 KB Brixen im Thale
20%
3.128 KU Ebbs
20%
4.407 KB Fieberbrunn
19%
2.542 IM Silz
19%
2.250 IL Sistrans
19%
2.169 SZ Achenkirch
18%
2.005 KU Brixlegg
18%
2.593 RE Ehrwald
18%
2.866 KU Ellmau
18%
2.214 KU Reith im Alpbachtal
18%
3.664 KB Westendorf
18%
2.419 IL Leutasch
17%
2.037 SZ Stans
17%
3.412 KU Voldöpp
17%
2.150 KU Breitenbach am Inn
16%
2.802 KB Kirchdorf in Tirol
16%
4.456 KB Kössen
15%
2.027 LA Kappl
14%
2.156 IM Nassereith
14%
2.087 IL Natters
14%
3.082 IL Oberperfuss
14%
2.335 IM Oetz
14%
2.148 IL Fritzens
13%
1.940 IL Mieders
13%
1.924 SZ Tux
13%
2.585 LA Pfunds
12%
2.551 KU Radfeld
12%
1.951 IL Rinn
12%
2.777 IM Tarrenz
12%
3.459 KU Münster
11%
2.820 KU Niederndorf
11%
2.450 IM Rietz
11%
2.081 IM Wenns
11%
2.538 KU Alpbach
9%
1.902 IL Oberhofen im Inntal
9%
1.877 IM Roppen
9%
2.334 KB Oberndorf in Tirol
8%
1.884 LA Prutz
8%
2.562 KU Schwoich
8%
2.882 KU Bad Häring
7%
2.081 RE Lechaschau
7%
1.928 SZ Stumm
6%
2.495 SZ Weerberg
6%
2.596 SZ Buch
5%
1.872 KB St. Ulrich am Pillersee
5%
2.048 KB Waidring
4%
2.523 LZ Debant
3%
3.094 LA Fließ
2%
2.606 SZ Maurach
2%
2.415 KU Endach
0%
1.914 KU Mitterndorf
0%
1.936 KU Unterlangkampfen
0%
2.044 KU Weissach
0%
2.141 IL Wildschönau-Oberau
0%
Keine übereinstimmenden Quizze gefunden
Verteilung der Resultate
Anzahl Personen mit jedem Resultat
Perzentil nach korrekt beantworteten Fragen
Ihre Resultats-Entwicklung
Sie haben dieses Quiz noch nicht gespielt